| 000 | 00441nam a2200145 a 4500 | ||
|---|---|---|---|
| 001 | 000028021 | ||
| 005 | 20200930031302.0 | ||
| 008 | 110406s1994 dr 000 0 spa d | ||
| 040 |
_aDO-SdBNP _bspa _cBNPHU |
||
| 100 | 1 |
_aRomán Melvin _955064 |
|
| 245 | 1 | 0 |
_aBajo la luna erótica del caribe : _b(voces de amor imposible ) / _cMelvin Román. |
| 260 |
_aSanto Domingo : _bCocolo Editorial, _c1994. |
||
| 300 |
_a38 p. ; _c21 cm. |
||
| 049 | _aBNPD | ||
| 999 |
_c27513 _d27513 |
||